000 01033nac a22002531u 4500
010 _a013375220
020 _a0415385660 (hbk.)
028 _bwww.bl.uk
082 _a261.270
_bL5346
090 _c2787
_d2787
100 _aLeirvik, Oddbjørn.
245 _aHuman conscience and Muslim-Christian relations :
_bmodern Egyptian thinkers on al-&
_b299;r /
_b7693;am&
_cOddbjørn Leirvik.
260 _aLondon :
_bRoutledge,2006
_c2006.
300 _aviii,
_c310 p.
490 _a( Routledge Islamic studies)
500 _aFormerly CIP. Uk
650 _aConscience -- Religious aspects -- Christianity.
650 _aConscience -- Religious aspects -- Islam.
650 _aIslam -- Relations -- Christianity.
650 _aChristianity and other religions -- Islam.
650 _aChristianity and other religions -- Egypt.
942 _cBB
_k261.270L5346
999 _c2787
_d2787